[Event "GER-chT U14"]
[Site "Lingen"]
[Date "2011.12.27"]
[Round "1.3"]
[White "Kreyssig, Bruno"]
[Black "Marvani, Arman"]
[Result "1-0"]
[WhiteElo "1646"]
[BlackElo "1313"]
[PlyCount "53"]
[EventDate "2011.12.27"]
[EventType "team-swiss"]
[EventRounds "7"]
[EventCountry "GER"]
[SourceTitle "EXT 2022"]
[Source "ChessBase"]
[SourceDate "2021.10.06"]
[SourceVersion "1"]
[SourceVersionDate "2021.10.06"]
[SourceQuality "1"]
[WhiteTeam "Leipzig SG U14"]
[BlackTeam "Katernberg U14"]
[WhiteTeamCountry "GER"]
[BlackTeamCountry "GER"]

1. e4 e6 2. d4 d5 3. Nd2 Nf6 4. e5 Nfd7 5. f4 c5 6. c3 Qh4+ 7. g3 Qd8 8. Ndf3 Qb6 9. Ne2 Nc6 10. Bg2 Be7 11. 0-0 0-0 12. b3 f6 13. Be3 f5 14. c4 dxc4 15. bxc4 cxd4 16. Nexd4 Nc5 17. Nb3 Qb4 18. Qc2 b6 19. Nfd4 Nxd4 20. Nxd4 Ne4 21. Bxe4 fxe4 22. Qxe4 Bd7 23. Nc6 Bxc6 24. Qxc6 Rac8 25. Qxe6+ Kh8 26. a3 Qxc4 27. Qxe7 1-0